000 00424nam a2200145Ia 4500
008 230917s9999||||xx |||||||||||||| ||und||
040 _e111182
_aMAIN
041 _aEnglish
082 _a410 L647L
100 _aKoul, Omkar N. Ed.
245 0 _aLinguistics theoretical and applied: a fests'chrift for ruqaiya hasan
260 _aDelhi
_bIndian Institute of language studies
_c2004
300 _avii p. ; 161
942 _cBK
999 _c131601
_d131601